Evaluation of protective and systemic fungicides and their mixtures in the control of Microcyclus ulei (Record no. 75403)

MARC details
000 -LEADER
fixed length control field 00426nam a22001097a 4500
100 ## - MAIN ENTRY--AUTHOR NAME
Personal name SANTOS, AFD
-- PERIRA, JCR
245 ## - TITLE STATEMENT
Title Evaluation of protective and systemic fungicides and their mixtures in the control of Microcyclus ulei
246 ## - VARYING FORM OF TITLE
Title proper/short title Avaliacao de fungicidas sistemicos e protetores, e suas misturas, no controle de Microcyclus ulei
260 ## - PUBLICATION, DISTRIBUTION, ETC. (IMPRINT)
Place of publication Brazil
Name of publisher Revisat Theobroma 16(3)
Year of publication 1986
300 ## - PHYSICAL DESCRIPTION
Number of Pages 141-147
942 ## - ADDED ENTRY ELEMENTS (KOHA)
Koha item type Reprints
Holdings
Withdrawn status Lost status Damaged status Not for loan Home library Current library Date acquired Koha item type
        RRII Library RRII Library 05/03/2025 Reprints